000 00543nam a2200217Ia 4500
003 OSt
005 20220928141015.0
006 a|||||r|||| 00| 0
007 ta
008 220927b |||||||| |||| 00| 0 eng d
024 _a12708
037 _cTextual
040 _aSDCL
_cSDCL
_beng
041 _2eng
_aeng
082 _aX:8, N4
100 _aJanov Jill
_9498371
245 0 _aInventive organization
_b Hope and daring at work
260 _c1994
942 _hX:8, N4
_cTEXL
_2CC
999 _c815117
_d815117